000 01027nam a22002537a 4500
005 20170504150449.0
010 _a1617EN ENG-116928
020 _c625.00
_a9780198085423
035 _aB-652083-090
035 _aB-666244
035 _aEN-100460
037 _bPragati
_adpl
037 _bDBAD/PUB
082 _a526.9
100 _aSubramanian, R.
245 _aSurveying and levelling /
_c by R.Subramanian
250 _a2nd. ed.
260 _aNew Delhi
_bOxford University Press
_c2016
270 _aYMCA Library Building, 1, Jai Singh Road,
_bNew Delhi
_e110001
300 _axxiv,957p.
_c24cm(pbk)
_b illus.
942 _2ddc
_cEN
_h526.9
_mSUB
999 _c101844
_d101844